Normal view
MARC view
- HAMID MINHAS, ASIM,KHOBAIB
Entry Personal Name
001 - CONTROL NUMBER
- control field: 72356
003 - CONTROL NUMBER IDENTIFIER
- control field: NUST
005 - DATE AND TIME OF LATEST TRANSACTION
- control field: 20210628204801.0
008 - FIXED-LENGTH DATA ELEMENTS
- fixed length control field: 210628|| aca||aabn | a|a d
040 ## - CATALOGING SOURCE
- Original cataloging agency: NUST
- Transcribing agency: NUST
100 ## - HEADING--PERSONAL NAME
- Personal name: HAMID MINHAS, ASIM,KHOBAIB
670 ## - SOURCE DATA FOUND
- Source citation: Work cat.: (NUST): HAMID MINHAS, ASIM,KHOBAIB, PR-SOF-1043-AERODYNAMIC DESIGN AND ANALYSISFO GROUND VEHICLES, 2010
